Gončije Bafuta /

Hlavní autor: Durrell, Gerald Malcolm, 1925-1995
Jazyk: Ruština
Vydáno: Moskva : Mir, 1982
Fyzický popis: 286 s.
Knihy
Uloženo v:
LEADER 00744nam a2200241 a 4500
001 000540908
003 CZ BrMZK
005 20110110071755.0
007 ta
008 000105s1982 ru f rus d
040 |a BOA001  |b cze 
041 1 |a rus  |h eng 
080 9 |a 820-35=82  |2 MRF 
080 |a 502.74  |2 MRF 
100 1 |a Durrell, Gerald Malcolm,  |d 1925-1995  |7 jn19981000804  |4 aut 
245 1 0 |a Gončije Bafuta /  |c Džeral'd Darrell ; perev. s angl. pod red. V. Je. Flinta 
260 |a Moskva :  |b Mir,  |c 1982 
300 |a 286 s. 
500 |a Přeloženo z angličtiny 
765 0 |t Bafut beagles  |9 Rusky 
910 |a BOA001  |b 2-0859.174 
990 |a BK 
996 7 |b 2619503021  |c 2-0859.174  |l MZK  |r Sklad / do 1 hodiny  |n 2  |w 000540908  |u 000010  |a 1  |e BOA001  |j MZK50  |s A